000 00397cam a2200169ua 4500
020 _c18.00
041 _aeng
_h
082 _a828.09
_bHOG/AU
100 _aHoggart, Richard .
245 _aAuden /
_cRichard Hoggart.
_hTextual Documents
260 _aLondon :
_bChatto and Windus ,
_c1961.
300 _a256 ; .
365 _a18.00
504 _a
942 _cBK
999 _c5407
_d5407